| 000 | 00517nam a2200169 4500 | ||
|---|---|---|---|
| 001 | 120991 | ||
| 003 | ES-MaACL | ||
| 005 | 20230906191650.0 | ||
| 007 | t| | ||
| 008 | 070214s1973 sp r ||||1| cat d | ||
| 245 | 0 | 0 |
_aPregaries d'avui i de sempre / _cSelecció i introducció de Bernabé Dalmau. |
| 260 |
_aMontserrat : _bPublicacions de l'Abadia, _c1973. |
||
| 300 |
_a228 p. ; _c18 cm. |
||
| 700 | 1 |
_aDalmau, Bernabé. _942509 |
|
| 710 | 2 |
_aAbadía de Montserrat. _91133 |
|
| 852 |
_aES-MaACL _jC-55814 _bR.88552 |
||
| 999 |
_c120991 _d120991 |
||